Erlkönig Fehlende Wörter - Statistiken

Allgemein
  • Dieses Quiz wurde 323 mal gespielt
  • Das Durchschnittsergebnis liegt bei 18 aus 32
Antwortstatistiken
Antwort % Korrekt
Es ist der {Vater} mit seinem Kind;
97%
Er hat den Knaben wohl in dem {Arm},
94%
Wer reitet so spät durch {Nacht} {und} {Wind}?
94%
Er fasst ihn sicher, er {hält} {ihn} {warm}.
88%
Siehst, Vater, du den {Erlkönig} nicht?
88%
In dürren Blättern säuselt der {Wind}. –
80%
Er hält in Armen das ächzende {Kind},
78%
In seinen Armen das Kind war {tot}.
77%
Erreicht den Hof mit Mühe und {Not};
76%
{Mein} {Sohn}, was birgst du so bang dein Gesicht? –
68%
Und bist du nicht willig, so brauch’ ich {Gewalt}.“ –
67%
Was Erlenkönig mir leise {verspricht}? –
67%
Mein Vater, mein Vater, jetzt {fasst} er mich an!
64%
Mein Sohn, mein Sohn, ich seh’ es {genau}:
63%
Meine {Töchter} sollen dich warten schön;
62%
Den Erlenkönig mit Kron’ und {Schweif}? –
57%
Gar {schöne} {Spiele} spiel’ ich mit dir;
52%
Mein Sohn, es ist ein {Nebelstreif}. –
51%
{Mein} {Vater}, {mein} {Vater}, und hörest du nicht,
50%
Mein Vater, mein Vater, und siehst du nicht {dort}
50%
Es scheinen die alten {Weiden} so grau. –
46%
Erlkönig hat mir ein {Leids} getan! –
34%
„Ich {liebe} {dich}, mich reizt deine schöne Gestalt;
33%
Meine Mutter hat manch {gülden} {Gewand}.“ –
33%
Und {wiegen} und {tanzen} und {singen} dich ein.“ –
33%
Manch’ bunte Blumen sind an dem {Strand},
32%
{Erlkönigs} {Töchter} am düstern Ort? –
31%
„{Du} {liebes} {Kind}, komm, geh mit mir!
29%
„Willst, {feiner} {Knabe}, du mit mir gehn?
25%
Dem Vater {grauset’s}; er reitet geschwind,
23%
Meine Töchter führen den nächtlichen {Reihn}
22%
{Sei} ruhig, {bleibe} ruhig, mein Kind;
21%
Keine übereinstimmenden Quizze gefunden
Verteilung der Resultate
Anzahl Personen mit jedem Resultat
Perzentil nach korrekt beantworteten Fragen
Ihre Resultats-Entwicklung
Sie haben dieses Quiz noch nicht gespielt